Detroit:Become Human quotes - Statistics

General Stats
  • This quiz has been taken 199 times
  • The average score is 12 of 15
Answer Stats
Quote Character % Correct
28 stab wounds. You didn't want to leave him a chance, huh? Connor
99%
What will happen if I pull this trigger? Hm? Nothing? Oblivion? Android heaven? Hank
98%
All I wanted was a life like other girls. Maybe I did something wrong? Maybe I wasn't good enough? Alice
96%
I've learned a lot since I met you, Connor. Maybe there's something to this. Maybe you really are alive. Hank
94%
I have no side, I was designed to stop deviants and that's what I intend to do. Connor
93%
I don't care whether she's human or android. She's just someone who matters to me. Kara
89%
An eye for an eye and the world goes blind...We won't punish a crime with another crime. Markus
89%
...he was the one that took my son from me, him and this world where the only way people can find comfort is with a fist full of powder Hank
87%
That's what we are to them...just merchandise on display on a shop window. Soon they'll know what we really are. North
85%
There's something inside me that knows that I am more than what they say. I am alive, and they're not gonna take that from me anymore. Markus
83%
By the way...I always leave an emergency exit in my programs...You never know... Kamski
78%
I'm going to leave...Though I'm certainly going to miss our bromance Connor
70%
I've spent my life taking orders!..Now...it's my turn to decide... Daniel
58%
That's what you get for having a dream...It always ends up the same way...Tears and disillusionment... Zlatko
48%
So either you deal with this fucking android now, or I'll take care of it. Captain Allen
45%
No matching quizzes found
Score Distribution
Percent of People with Each Score
Percentile by Number Answered
Your Score History
You have not taken this quiz